000 00570nam a22002057a 4500
003 OSt
005 20140310183012.0
008 130211t xxu||||| |||| 00| 0 eng d
020 _a9789716780291
050 _aPN 2918
_b.C228 2008
100 _aCarpio, Rustica C.
245 _aShuttling through stage and screen /
_cRustica C. Carpio
260 _aManila :
_bFar Eastern University Publications,
_c2008.
300 _a192 p. :
_c15 x 23 cm.
_bill. ;
521 _aMC
526 _c1210L-1700L
650 _aStage play
942 _2lcc
_cBK
_kLOC
999 _c18261
_d18261